Business information systems (Record no. 84894)

MARC details
000 -LEADER
fixed length control field 00504nam a2200205Ia 4500
008 - FIXED-LENGTH DATA ELEMENTS--GENERAL INFORMATION
fixed length control field 230125s9999 xx 000 0 und d
020 ## - INTERNATIONAL STANDARD BOOK NUMBER
International Standard Book Number 81-259-0592-8
041 ## - LANGUAGE CODE
Language code of text/sound track or separate title eng
082 ## - DEWEY DECIMAL CLASSIFICATION NUMBER
Classification number 658.4038011
Item number KUM
100 ## - MAIN ENTRY--PERSONAL NAME
Personal name Kumar M
9 (RLIN) 108085
245 ## - TITLE STATEMENT
Title Business information systems
260 ## - PUBLICATION, DISTRIBUTION, ETC. (IMPRINT)
Date of publication, distribution, etc. 1998
Name of publisher, distributor, etc. Vikas Publishing
Place of publication, distribution, etc. New Delhi
300 ## - PHYSICAL DESCRIPTION
Extent 384p
500 ## - GENERAL NOTE
Keywords Information systems,MIS
500 ## - GENERAL NOTE
Keywords MIS
650 ## - SUBJECT ADDED ENTRY--TOPICAL TERM
Topical term or geographic name as entry element Management
700 ## - ADDED ENTRY--PERSONAL NAME
Personal name Kumar M
9 (RLIN) 108085
906 ## - LOCAL DATA ELEMENT F, LDF (RLIN)
b 68
Holdings
Withdrawn status Lost status Damaged status Not for loan Home library Current library Date acquired Vendor Cost, normal purchase price Total Checkouts Full call number Barcode Date last seen Cost, replacement price Bill Date Koha item type Original Barcode
        Smt. Hiraben Nanavati Institute of Management & Research for Women Smt. Hiraben Nanavati Institute of Management & Research for Women 26/06/1998 System sales 450.00   658.4038011 KUM B01027 HIMR-BK-1027 25/01/2023 382.00 26/06/1998 Books B01027